Problemas de quimica y como resolverlos / (Record no. 19541)

000 -CABECERA
fixed length control field 00931nam a22002417a 4500
003 - IDENTIFICADOR DEL NÚMERO DE CONTROL
control field AR-CdUCM
008 - DATOS DE LONGITUD FIJA--INFORMACIÓN GENERAL
fixed length control field 190517b ||||| |||| 00| 0 spa d
040 ## - FUENTE DE LA CATALOGACIÓN
Agencia/entidad que catalogó originalmente la obra MUNICIPALIDAD PROVINCIAL DEL CUSCO
Entidad que transcribió la catalogación BIBLIOTECA MUNICIPAL DEL CUSCO
082 ## - NÚMERO DE LA CLASIFICACIÓN DECIMAL DEWEY
No. de Clasificación 540 /
Notacion interna F82
100 ## - ENTRADA PRINCIPAL--NOMBRE DE PERSONA
Nombre Personal Frey, Paul R.
245 ## - MENCIÓN DE TÍTULO
Título Problemas de quimica y como resolverlos /
260 ## - PUBLICACIÓN, DISTRIBUCIÓN, ETC.
Lugar de publicación, distribución, etc. México :
Nombre de la editorial, distribuidor, etc. Continental,
Fecha de publicación, distribución, etc. 1977.
300 ## - DESCRIPCIÓN FÍSICA
Nº de Páginas Extensión 271 paginas ;
Otros detalles físicos Cuadros, diagramas,
Dimensiones 24 cm
505 ## - NOTA DE CONTENIDO CON FORMATO
Nota de contenido formateada Contenido :Matemática y química --Unidades de medida usadas en química -- Cifras significativas -- Análisis dimensional -- Densidad y peso especifico...
650 ## - PUNTO DE ACCESO ADICIONAL DE MATERIA--TÉRMINO DE MATERIA
Descriptor Fracciones
9 (RLIN) 21887
650 ## - PUNTO DE ACCESO ADICIONAL DE MATERIA--TÉRMINO DE MATERIA
Descriptor Unidades
9 (RLIN) 40939
650 ## - PUNTO DE ACCESO ADICIONAL DE MATERIA--TÉRMINO DE MATERIA
Descriptor Unidades de masa
9 (RLIN) 40940
650 ## - PUNTO DE ACCESO ADICIONAL DE MATERIA--TÉRMINO DE MATERIA
Descriptor Cifras significativas
9 (RLIN) 40941
650 ## - PUNTO DE ACCESO ADICIONAL DE MATERIA--TÉRMINO DE MATERIA
Descriptor Ecuaciones quimicas
9 (RLIN) 40942
700 ## - PUNTO DE ACCESO ADICIONAL--NOMBRE DE PERSONA
Nombre Personal Giral de Lopez Bago, Adela (Traducción)
9 (RLIN) 40943
942 ## - ELEMENTOS DE PUNTO DE ACCESO ADICIONAL (KOHA)
Fuente de clasificación
Tipo de item Libros-BMC
945 ## - PROCESAMIENTO DE INFORMACIÓN LOCAL (OCLC)
Catalogador wnts
AAAA-MM-DD - Fecha de ingreso o modificacion 2019-05-19
Holdings
Estado de retiro (separado) Fuente de clasificación o esquema de estanterías Estado dañado Ubicación Sala donde se ubica Nombre de la colección Fecha de adquisición o compra Costo, precio normal en soles Signatura topográfica Código de Barras Última vez visto (Koha) Tipo de ítem (Koha)
No     Sala Ciencias Sala Ciencias Book Cart 2019-05-17 45.00 540 / F82 SC0000001820 2019-05-17 Libros-BMC

Powered by Koha